Estadísticas para 15 principales países afectados por Covid19 - 26 mar 2021

Haz click aquí para intentar la prueba.

Estadísticas generales

  • Esta prueba ha sido intentada 5 veces
  • La puntuación promedio es 18 de 27

Estadísticas de respuestas

país% Correcto
Alemania
100%
Argentina
100%
Brasil
100%
Colombia
100%
España
100%
Estados Unidos
100%
India
100%
Italia
100%
México
100%
Reino Unido
100%
Rusia
100%
Francia
80%
Portugal
80%
Suecia
80%
Irán
60%
Polonia
60%
Bélgica
40%
Chequia
40%
Israel
40%
Países Bajos
40%
Turquía
40%
Baréin
20%
Eslovenia
20%
Estonia
20%
Georgia
20%
Lituania
20%
Panamá
0%

Distribución de puntuación

Porcentaje por número respondido

Porcentaje de gente con cada puntuación

Historial de tus puntuaciones

No has intentado esta prueba.